000
00277nam a22001217a 4500
082
_a
0-0918-1697-1
_b
JOH/W
100
_a
M.D, JOHNSON
245
_a
WHO MOVED MY CHEESE?
260
_a
LONDON
_b
VERMILLON
300
_a
95
650
_a
PERSONALITY DEVELOPMENT
_z
LONDON
942
_c
BK
999
_c
5311
_d
5311